Normal view
MARC view
- SOHAIB AKBAR GHUMMAN, UMAR MUMTAZ ABBASI, AHMED BILAL, HAMOOD MAZHAR
Entry Personal Name
001 - CONTROL NUMBER
- control field: 71097
003 - CONTROL NUMBER IDENTIFIER
- control field: NUST
005 - DATE AND TIME OF LATEST TRANSACTION
- control field: 20210628204608.0
008 - FIXED-LENGTH DATA ELEMENTS
- fixed length control field: 210628|| aca||aabn | a|a d
040 ## - CATALOGING SOURCE
- Original cataloging agency: NUST
- Transcribing agency: NUST
100 ## - HEADING--PERSONAL NAME
- Personal name: SOHAIB AKBAR GHUMMAN, UMAR MUMTAZ ABBASI, AHMED BILAL, HAMOOD MAZHAR
670 ## - SOURCE DATA FOUND
- Source citation: Work cat.: (NUST): SOHAIB AKBAR GHUMMAN, UMAR MUMTAZ ABBASI, AHMED BILAL, HAMOOD MAZHAR, PR-SOF-1413-LAND MINE SIMULATION, 2015
